00897nam a2200241 i 4500001001000000003000900010005001700019007000300036008004100039020001800080040003000098082000700128100004300135245014100178264005000319300005500369336002700424337003500451338003000486500007100516504002800587700004000615000045741DO-SdBNP20231108132849.0ta150508s2015 dr ac 000 0 spa d a9789945897906 aDO-SdBNPbspacBNPHUerda 42221 aMirabal, Yoselman Rodwind1969-eautro10aMetodología de la investigación científica aplicada a la teología /cYoselman Rodwin Mirabal ; prólogo Reynaldo Franco Aquino. aSanto Domingo :bMirabal Producciones,c2015. a258 páginas :bilustraciones, retratos ;c23 cm. 2rdacontentatextobtxt 2rdamedia asin mediación bn 2rdacarrieravolumen bnc aIncluye datos biográficos del autor en la solapa de la cubierta. aBibliografía : p. 24412aFranco Aquino, Reynaldo,eprólogo